O žene - hrdinke

Bibliographic Details
Main Author: Paulík, Julo (Author)
Other Authors: Šida, A. (gup)
Format: Article
Language:Slovak
Subjects:

MARC

LEADER 00000nab a2200000 a 4500
001 vtls000084425
003 SK-MaSNL
005 20260303032032.0
008 111103c1981 xo 0 slo
015 |a SNBRB19rr/mm-uuuuu 
035 |a CL0094527 
040 |a SNKBUCL  |b slo  |c SNKBUCL  |e AACR2 
041 0 |a slo 
044 |a xo  |c SK 
080 |a 885.4-3  |2 1981 
100 1 |a Paulík, Julo  |4 aut  |9 934316 
245 1 0 |a O žene - hrdinke  |c Julo Paulík ; A. Šida 
650 0 7 |a príbehy zo života  |2 snkbucl  |9 270441 
655 7 |a články z novín a časopisov  |2 snkbucl  |9 267496 
655 7 |a články z odboru literárna veda a krásna literatúra  |2 snkbucl  |9 770045 
700 1 |a Šida, A.  |4 gup  |9 924253 
773 0 |t Smer  |g Roč. 33, č. 55 (6. 3. 1981), s. 6 
850 |a Slovenská národná knižnica v Martine  |a MTA001 
852 |a SNK  |b KIS3GCP 
958 |a RK 
958 |a LX 
992 |a RBX 
999 |c 1661840  |d 1663770